| 000 | 00472nam a2200193Ia 4500 | ||
|---|---|---|---|
| 005 | 20250423100111.0 | ||
| 008 | 250422s9999 xx 000 0 und d | ||
| 020 | _a9780199695058 | ||
| 050 | _aQH 91 .M53/ | ||
| 100 | _aMladenov, Philip V. | ||
| 245 | 0 | _aMarine biology: a very short introduction | |
| 250 | _a1st ed. | ||
| 260 | _aNew York | ||
| 260 | _bOxford University Press | ||
| 260 | _c2013 | ||
| 300 | _a156 p | ||
| 650 | _aMarine biology. | ||
| 942 | _cBK | ||
| 999 |
_c32285 _d32285 |
||